000 00774cab a2200253 4500
001 ABS59458
008 090401t1998 xxu||||| |||| 00| 0 eng d
035 _a(Sirsi) u89024
041 _aeng
100 _aDixon, D
245 4 _aThe risk of radon gas and house purchases
260 _c1998
350 _a0
490 _aEstate Agent
_vSeptember 1998, 16-17(2)
520 _aOutlines the physical aspects of radon gas, including health risks and methods of measurement. Table of radon affected areas by occurence.
650 _aHEALTH AND SAFETY
_96244
650 _aHEALTH HAZARDS
650 _aHOUSING DEFECTS
650 _aRADON AFFECTED AREAS
650 _aRADON GAS
690 _aENVIRONMENTAL AND LAND CONSULTANCY
942 _n0
948 _c15/10/1998
999 _c56302
_d56302